000 01015nam a2200289 a 4500
001 000026427
003 DO-SdBNP
005 20251209122717.0
008 110317s1996 dr ac 001 0 spa d
020 _a8484002055
040 _aDO-SdBNP
_bspa
_cBNPHU
082 _a324.97293
_bN964t, 1996
100 1 _aNúñez Collado, Agripino
_d1933-2022
_98457
245 1 0 _aTestigo de una crisis ... diez años después /
_cMonseñor Agripino Núñez Collado.
250 _a2ª ed.
260 _aSanto Domingo :
_bPUCMM,
_c1996.
_fTaller
300 _a220 p. :
_bil., retrs. ;
_c23 cm.
490 1 _aDocumentos ;
500 _aIncluye datos biográficos del autor en las solapas
500 _aIncluye índice onomástico y notas al pie de páginas
590 _aInventariado, 2018/BT
650 0 _aElecciones
_xRepública dominicana
_96411
650 0 _aCampaña electoral
_zRepública Dominicana
_y1986
_946157
830 0 _aDocumentos ;
_91047
910 _aValidado. Control de calidad. EMS
942 _2ddc
_cLBS1
999 _c25919
_d25919